|
|
|
|
| LEADER |
00000nab a2200000 a 4500 |
| 001 |
vtls008982325 |
| 003 |
SK-MaSNL |
| 005 |
20260303065203.0 |
| 008 |
051031 1973 xo 000 0 slo |
| 015 |
|
|
|a SNBRB1977
|
| 040 |
|
|
|a SNKBUCL
|b slo
|c SNKBUCL
|e AACR2
|
| 041 |
1 |
|
|a slo
|b ger
|b rus
|
| 044 |
|
|
|a xo
|c SK
|
| 080 |
|
|
|a 691.328.2
|2 2001
|
| 100 |
1 |
|
|a Lazar, Jozef
|4 aut
|9 451063
|
| 245 |
1 |
0 |
|a Laná v predpätom betóne
|c Jozef Lazar
|
| 504 |
|
|
|a Bibliogr. odkazy
|
| 546 |
|
|
|a Res. nem., rus.
|
| 650 |
0 |
7 |
|a predpätý betón
|2 snkbucl
|9 100801
|
| 650 |
0 |
7 |
|a laná
|2 snkbucl
|9 303655
|
| 773 |
0 |
|
|t Ročenka Výskumného ústavu inžinierskych stavieb
|g Roč. 1 (1973), s. 25-33
|d Bratislava : 1973
|
| 958 |
|
|
|a NB
|
| 999 |
|
|
|c 1750193
|d 1752123
|